=LDR 00000nam 2200000 4500 =001 INLIS000000000046536 =005 20150406154437.0 =006 =007 =008 =035 ##$$0010-041500000000018 =082 ##$$a f rom k =090 ##$$a f rom k dun d =100 ##$$a m.l.dunham =245 ##$$a disney junior encyclopdia of animated characters =260 ##$$a jakarta =300 ##$$a 192 hlm. $b 27,6 cm. =850 ##$$a NPBMAT =990 ##$$a 0001/BPAP-NTB/20142015 =990 ##$$a 0001/BPAP-NTB/20142015 =990 ##$$a 0001/BPAP-NTB/20142015 =990 ##$$a 0001/BPAP-NTB/20142015